[Event "Johnson Tiles Maharashtra Chess League "]
[Site "Pune"]
[Date "2013.04.24"]
[Round "1.1"]
[White "Gomes, Mary Ann"]
[Black "Himanshu, Sharma"]
[Result "0-1"]
[WhiteElo "2387"]
[BlackElo "2398"]
[PlyCount "120"]
[EventDate "2013.04.24"]
[EventType "team-tourn (rapid)"]
[EventRounds "5"]
[EventCountry "IND"]
[WhiteTeam "Thane Combatants"]
[BlackTeam "Pune Attackers"]

1. Nf3 b5 2. g3 Bb7 3. Bg2 Nf6 4. O-O e6 5. d3 d5 6. Nbd2 Be7 7. a4 b4 8. e4 c5
9. exd5 Nxd5 10. Nc4 O-O 11. Re1 Nd7 12. a5 Qc7 13. a6 Bc6 14. Nfe5 Nxe5 15.
Nxe5 Bf6 16. Nxc6 Qxc6 17. Qg4 Rab8 18. Qc4 Qd7 19. Ra5 Bd4 20. Bd2 Rfd8 21. c3
bxc3 22. bxc3 Nb6 23. Qa2 Bf6 24. Rxc5 Be7 25. Rce5 Qxd3 26. Bf4 Bd6 27. R5e3
Qc4 28. Qxc4 Nxc4 29. Bxd6 Rxd6 30. Re4 Rc8 31. Ra1 Kf8 32. Rh4 h6 33. Bb7 Rc7
34. Rd4 Ke7 35. Ra4 Nb6 36. Rab4 Nd7 37. Rxd6 Kxd6 38. c4 Kc5 39. Rb1 Ne5 40.
Be4 Nxc4 41. Rb7 Kd6 42. Bd3 Ne5 43. Be4 Rxb7 44. axb7 Kc7 45. Kf1 Nd7 46. Ke2
Nc5 47. Bh7 Nxb7 48. Kd3 Kd6 49. Kc3 Kc5 50. Bg8 Nd6 51. f4 a5 52. Kb3 g6 53.
Ka4 Kc6 54. Kxa5 Kd7 55. h4 h5 56. Kb6 Ke7 57. Kc6 Nf5 58. Kc5 Nxg3 59. Kd4
Nf5+ 60. Ke4 Nxh4 0-1

[Event "Johnson Tiles Maharashtra Chess League "]
[Site "Pune"]
[Date "2013.04.24"]
[Round "1.2"]
[White "Akshayraj, Kore"]
[Black "Puranik, Abhimanyu"]
[Result "1-0"]
[WhiteElo "2512"]
[BlackElo "2224"]
[PlyCount "101"]
[EventDate "2013.04.24"]
[EventType "team-tourn (rapid)"]
[EventRounds "5"]
[EventCountry "IND"]
[WhiteTeam "Pune Attackers"]
[BlackTeam "Thane Combatants"]

1. d4 d5 2. c4 e6 3. Nc3 c5 4. cxd5 exd5 5. Nf3 Nc6 6. g3 Nf6 7. Bg2 Be7 8. O-O
O-O 9. Bg5 c4 10. Ne5 Be6 11. Nxc6 bxc6 12. b3 Qa5 13. Qc2 Rab8 14. Na4 cxb3
15. axb3 Qb4 16. Bxf6 Bxf6 17. e3 Qxb3 18. Qxb3 Rxb3 19. Nc5 Rb5 20. Rxa7 Bd8
21. Nxe6 fxe6 22. Bh3 Re8 23. Rc1 Rb6 24. Rd7 Bf6 25. f4 Rb3 26. Kf2 Rb2+ 27.
Kf3 Rxh2 28. Bg2 e5 29. dxe5 Bxe5 30. Rxc6 Bb8 31. Rb6 h5 32. Rbb7 Be5 33. Kf2
Bf6 34. Kg1 Rxg2+ 35. Kxg2 Rxe3 36. Rb8+ Kh7 37. Rxd5 Kg6 38. Rh8 h4 39. gxh4
Kf7 40. h5 Rc3 41. Ra8 Ke6 42. Rb5 Rc2+ 43. Kg3 Rc1 44. Ra6+ Kf7 45. Rb7+ Kg8
46. h6 Rg1+ 47. Kf3 Rf1+ 48. Ke4 Rh1 49. Ra8+ Kh7 50. hxg7 Bxg7 51. Raa7 1-0

[Event "Johnson Tiles Maharashtra Chess League "]
[Site "Pune"]
[Date "2013.04.24"]
[Round "1.3"]
[White "Ganguly, Surya Shekhar"]
[Black "Padmini, Rout"]
[Result "1-0"]
[WhiteElo "2630"]
[BlackElo "2347"]
[PlyCount "77"]
[EventDate "2013.04.24"]
[EventType "team-tourn (rapid)"]
[EventRounds "5"]
[EventCountry "IND"]
[WhiteTeam "Thane Combatants"]
[BlackTeam "Pune Attackers"]

1. e4 c5 2. Nf3 d6 3. d4 cxd4 4. Nxd4 Nf6 5. Nc3 a6 6. Be3 e5 7. Nb3 Be7 8. f3
Be6 9. Qd2 O-O 10. O-O-O a5 11. a4 Nc6 12. g4 Nb4 13. Kb1 Rc8 14. g5 Nh5 15.
Rg1 g6 16. Bb5 f5 17. Qf2 Qc7 18. Bb6 Qb8 19. Bxa5 Nc6 20. Nd5 Bxd5 21. exd5
Nxa5 22. Nxa5 Nf4 23. Qd2 Qc7 24. h4 Kg7 25. Rge1 Rh8 26. Nc4 Rcd8 27. Re3 h6
28. Rc3 Qb8 29. Nb6 hxg5 30. hxg5 Bxg5 31. Nd7 Qa7 32. Rc7 Rc8 33. Qc3 Rxc7 34.
Qxc7 Bd8 35. Qxd6 Qe3 36. Nxe5 Bf6 37. Qc7+ Kh6 38. Nf7+ Kh5 39. Rh1+ 1-0

[Event "Johnson Tiles Maharashtra Chess League "]
[Site "Pune"]
[Date "2013.04.24"]
[Round "1.4"]
[White "Swathi, Ghate"]
[Black "Udeshi, Aditya"]
[Result "0-1"]
[WhiteElo "2260"]
[BlackElo "2416"]
[PlyCount "86"]
[EventDate "2013.04.24"]
[EventType "team-tourn (rapid)"]
[EventRounds "5"]
[EventCountry "IND"]
[WhiteTeam "Pune Attackers"]
[BlackTeam "Thane Combatants"]

1. e4 c5 2. Nf3 d6 3. d4 cxd4 4. Nxd4 Nf6 5. Nc3 a6 6. Be3 e5 7. Nf3 Be7 8. Bc4
O-O 9. O-O Be6 10. Bb3 Nc6 11. Bg5 Nd7 12. Bxe7 Qxe7 13. Qe2 Nc5 14. Nd5 Qd8
15. Rad1 Kh8 16. Qe3 f5 17. exf5 Bxf5 18. Rd2 Bg4 19. Ng5 Nd4 20. Ne4 Nxe4 21.
Qxe4 Bf3 22. Qe3 Qh4 23. h3 Rf5 24. Kh2 Raf8 25. Rg1 Bxg2 26. f4 exf4 27. Nxf4
Bxh3 28. Rxd4 Bf1+ 29. Nh3 Rf2+ 30. Kh1 Qh5 31. Qg3 Qxh3+ 32. Qxh3 Bxh3 33.
Rxd6 R2f5 34. Rd2 R5f6 35. Bd5 b6 36. Rh2 Bf5 37. Re1 h6 38. c4 Rd8 39. Rd2 b5
40. Rg2 Bg6 41. b3 Kh7 42. Kh2 bxc4 43. bxc4 Rb8 0-1

[Event "Johnson Tiles Maharashtra Chess League "]
[Site "Pune"]
[Date "2013.04.24"]
[Round "1.5"]
[White "Prathamesh, Sunil Mokal"]
[Black "Lalith, Babu M.R"]
[Result "0-1"]
[WhiteElo "2389"]
[BlackElo "2565"]
[PlyCount "72"]
[EventDate "2013.04.24"]
[EventType "team-tourn (rapid)"]
[EventRounds "5"]
[EventCountry "IND"]
[WhiteTeam "Thane Combatants"]
[BlackTeam "Pune Attackers"]

1. e4 g6 2. d4 Bg7 3. Nc3 c6 4. Nf3 d6 5. Be3 Nf6 6. h3 O-O 7. Bd3 Qc7 8. O-O
Nbd7 9. Qd2 b5 10. a4 b4 11. Ne2 c5 12. dxc5 Nxc5 13. Ng3 a5 14. Bh6 b3 15.
Bxg7 Kxg7 16. Nd4 bxc2 17. Bxc2 Rb8 18. Nb5 Qb6 19. Rfe1 Rd8 20. b4 axb4 21.
Qxb4 e5 22. Qc3 Be6 23. Reb1 Rbc8 24. a5 Qa6 25. Qe3 h6 26. Bd1 Bc4 27. Be2
Bxe2 28. Qxe2 Ne6 29. Ra4 Rc5 30. Na3 Qc6 31. Qd1 Nd4 32. a6 Ra8 33. a7 Qc7 34.
Rxd4 exd4 35. Qxd4 Qxa7 36. Nb5 Rxb5 0-1

[Event "Johnson Tiles Maharashtra Chess League "]
[Site "Pune"]
[Date "2013.04.24"]
[Round "1.6"]
[White "Bartakke, Amardeep S"]
[Black "Vijayalakshmi, Subbaraman"]
[Result "1/2-1/2"]
[WhiteElo "2194"]
[BlackElo "2342"]
[PlyCount "74"]
[EventDate "2013.04.24"]
[EventType "team-tourn (rapid)"]
[EventRounds "5"]
[EventCountry "IND"]
[WhiteTeam "Pune Attackers"]
[BlackTeam "Thane Combatants"]

1. e4 e5 2. Nf3 Nc6 3. Bc4 Bc5 4. c3 Nf6 5. d3 a6 6. Bb3 d6 7. Nbd2 O-O 8. Nf1
Ng4 9. d4 exd4 10. cxd4 Bb4+ 11. N1d2 Nf6 12. d5 Ne5 13. Nxe5 dxe5 14. O-O Bxd2
15. Qxd2 Nxe4 16. Qe3 Bf5 17. f3 Nd6 18. Qxe5 Re8 19. Qd4 Nb5 20. Qf2 Qf6 21.
Be3 Rad8 22. Rac1 Rd7 23. a4 Nd6 24. Bd4 Qg6 25. Rfe1 Rxe1+ 26. Rxe1 h6 27. Re5
Bd3 28. Bc3 Bc4 29. Bc2 Bd3 30. Bb3 Nc4 31. Re8+ Kh7 32. Qh4 Qb6+ 33. Qd4 Qxd4+
34. Bxd4 Rxd5 35. Bc3 Rd7 36. Bxc4 Bxc4 37. a5 Be6 1/2-1/2

[Event "Johnson Tiles Maharashtra Chess League "]
[Site "Pune"]
[Date "2013.04.24"]
[Round "1.1"]
[White "Vidit, Santosh Gujrathi"]
[Black "Deshmukh, Anup"]
[Result "1/2-1/2"]
[WhiteElo "2549"]
[BlackElo "2254"]
[PlyCount "72"]
[EventDate "2013.04.24"]
[EventType "team-tourn (rapid)"]
[EventRounds "5"]
[EventCountry "IND"]
[WhiteTeam "Jalgaon Battlers"]
[BlackTeam "Mumbai Movers"]

1. d4 Nf6 2. Nf3 d5 3. c4 c6 4. e3 g6 5. Nc3 a6 6. a4 Bg7 7. Be2 O-O 8. O-O Bf5
9. Qb3 Bc8 10. Bd2 dxc4 11. Bxc4 e6 12. a5 Nd5 13. Na4 Nd7 14. e4 Nc7 15. Rfd1
Nb5 16. d5 cxd5 17. exd5 e5 18. d6 Nd4 19. Nxd4 exd4 20. Bb4 Qf6 21. Bd5 Rb8
22. Rac1 b6 23. axb6 Nxb6 24. Nxb6 Rxb6 25. Qa3 Bg4 26. f3 Qg5 27. Rc5 Qe3+ 28.
Qxe3 dxe3 29. Bc3 Bd7 30. Bc4 Bxc3 31. bxc3 Rd8 32. Kf1 Rb2 33. Re5 Rf2+ 34.
Kg1 Rd2 35. Ra1 Rxd6 36. Rxe3 Bb5 1/2-1/2

[Event "Johnson Tiles Maharashtra Chess League "]
[Site "Pune"]
[Date "2013.04.24"]
[Round "1.2"]
[White "Arun Prasad, S."]
[Black "Narayanan, Srinath"]
[Result "0-1"]
[WhiteElo "2495"]
[BlackElo "2440"]
[PlyCount "74"]
[EventDate "2013.04.24"]
[EventType "team-tourn (rapid)"]
[EventRounds "5"]
[EventCountry "IND"]
[WhiteTeam "Mumbai Movers"]
[BlackTeam "Jalgaon Battlers"]

1. g3 c5 2. Bg2 Nc6 3. c4 g6 4. Nc3 Bg7 5. Nf3 e5 6. O-O d6 7. Ne1 Be6 8. d3
Nge7 9. a3 a5 10. Nc2 d5 11. cxd5 Nxd5 12. Ne3 Nde7 13. Nc4 O-O 14. Bg5 f6 15.
Be3 b6 16. Qa4 Qc7 17. f4 Rab8 18. fxe5 Nxe5 19. Nxe5 fxe5 20. Bg5 Nf5 21. Bd5
Bxd5 22. Nxd5 Qd6 23. e4 h6 24. Bd2 Ne7 25. Nxe7+ Qxe7 26. Qc4+ Kh8 27. a4 Rbd8
28. Be3 h5 29. Rxf8+ Qxf8 30. Bg5 Rd4 31. Qc2 Qd6 32. Ra3 c4 33. dxc4 Qc6 34.
Rc3 Rxe4 35. Be3 Bf8 36. Bf2 Bb4 37. Re3 Rxc4 0-1

[Event "Johnson Tiles Maharashtra Chess League "]
[Site "Pune"]
[Date "2013.04.24"]
[Round "1.3"]
[White "Sunilduth Lyna, Narayanan"]
[Black "Laxman, R.R."]
[Result "1-0"]
[WhiteElo "2372"]
[BlackElo "2517"]
[PlyCount "73"]
[EventDate "2013.04.24"]
[EventType "team-tourn (rapid)"]
[EventRounds "5"]
[EventCountry "IND"]
[WhiteTeam "Jalgaon Battlers"]
[BlackTeam "Mumbai Movers"]

1. e4 e5 2. Nf3 Nc6 3. Bb5 a6 4. Ba4 Be7 5. O-O Nf6 6. Re1 b5 7. Bb3 O-O 8. a4
b4 9. d3 d6 10. a5 Be6 11. Nbd2 Qc8 12. Bc4 h6 13. Nf1 Rd8 14. Ne3 Bf8 15. Bd2
Rb8 16. h3 Bxc4 17. Nxc4 Rb5 18. b3 g6 19. Bc1 Bg7 20. Bb2 Re8 21. Qd2 Nd7 22.
d4 exd4 23. Nxd4 Nxd4 24. Bxd4 Bxd4 25. Qxd4 Rg5 26. Qd2 Nf6 27. f4 Rb5 28. e5
Nd5 29. exd6 Rxe1+ 30. Rxe1 cxd6 31. f5 g5 32. Qd4 Qc6 33. Nxd6 Rb8 34. Ne4 Re8
35. Re2 Rd8 36. Rd2 Kh7 37. Qc4 1-0

[Event "Johnson Tiles Maharashtra Chess League "]
[Site "Pune"]
[Date "2013.04.24"]
[Round "1.4"]
[White "Shashikant, Kutwal"]
[Black "Karavade, Eesha"]
[Result "0-1"]
[WhiteElo "2291"]
[BlackElo "2389"]
[PlyCount "73"]
[EventDate "2013.04.24"]
[EventType "team-tourn (rapid)"]
[EventRounds "5"]
[EventCountry "IND"]
[WhiteTeam "Mumbai Movers"]
[BlackTeam "Jalgaon Battlers"]

1. e4 c5 2. Nf3 d6 3. c3 Nf6 4. h3 g6 5. Bd3 Bg7 6. Bc2 O-O 7. O-O Nc6 8. d4 d5
9. e5 Ne4 10. Nbd2 Nxd2 11. Bxd2 Qb6 12. Bc1 cxd4 13. cxd4 Nb4 14. Bb1 Bd7 15.
a3 Nc6 16. Ba2 Be6 17. b4 a5 18. b5 Qxb5 19. Rb1 Qa6 20. Ng5 Bf5 21. Rb2 h6 22.
Nf3 Rfd8 23. Be3 b5 24. Qc1 Rac8 25. Qd2 b4 26. Bxh6 bxa3 27. Bxg7 Kxg7 28. Rb3
Rb8 29. Rxa3 Rb4 30. Qf4 Qb6 31. Rd1 a4 32. g4 Be6 33. Rad3 Rb8 34. Ng5 Na5 35.
Rf3 Rf8 36. Rfd3 Nc4 37. Bxc4 0-1

[Event "Johnson Tiles Maharashtra Chess League "]
[Site "Pune"]
[Date "2013.04.24"]
[Round "1.5"]
[White "Meenakshi, Subbaraman"]
[Black "Nadig, Kruttika"]
[Result "1/2-1/2"]
[WhiteElo "2237"]
[BlackElo "2236"]
[PlyCount "148"]
[EventDate "2013.04.24"]
[EventType "team-tourn (rapid)"]
[EventRounds "5"]
[EventCountry "IND"]
[WhiteTeam "Jalgaon Battlers"]
[BlackTeam "Mumbai Movers"]

1. d4 d5 2. Nf3 Nf6 3. c4 c6 4. e3 Bf5 5. Nc3 e6 6. b3 Bb4 7. Bd2 Qa5 8. Qc1
Ne4 9. Nxe4 Bxe4 10. a3 Bxd2+ 11. Nxd2 Bg6 12. b4 Qd8 13. h4 h6 14. Nf3 Nd7 15.
Qd2 O-O 16. Bd3 Bxd3 17. Qxd3 Re8 18. c5 e5 19. dxe5 Nxe5 20. Nxe5 Rxe5 21. Rd1
Re4 22. g3 Qf6 23. O-O Rae8 24. Kg2 a6 25. Rd2 Qe6 26. Rfd1 Qe7 27. Qe2 Qe5 28.
Qf3 Re6 29. Rd4 Kf8 30. R1d2 Ke7 31. Qd1 Rf6 32. Qc2 Re6 33. Qa4 g5 34. hxg5
hxg5 35. Qc2 g4 36. Rxe4 Qxe4+ 37. Qxe4 Rxe4 38. Kf1 Ke6 39. Ke2 Rc4 40. Kd3
Rc1 41. Ra2 Ke5 42. Kd2 Rf1 43. Ke2 Rb1 44. Kd3 f5 45. Ke2 Ke4 46. Rd2 Ra1 47.
Rd4+ Ke5 48. Rd3 Ra2+ 49. Kf1 Rc2 50. Ke1 a5 51. bxa5 Rxc5 52. Rb3 Rxa5 53.
Rxb7 Rxa3 54. Re7+ Kf6 55. Rc7 Rc3 56. Kd2 Rc4 57. Kd3 c5 58. Rc8 Ke7 59. Rc7+
Kd6 60. Rf7 Ke6 61. Rc7 Rc1 62. Kd2 Rf1 63. Ke2 Rc1 64. Kd2 Kd6 65. Rf7 Ke6 66.
Rc7 Rc4 67. Kd3 Kd6 68. Rf7 Ke5 69. Re7+ Kf6 70. Rd7 Ke6 71. Rc7 Rc1 72. Kd2
Rc4 73. Kd3 Rc1 74. Kd2 Rc4 1/2-1/2

[Event "Johnson Tiles Maharashtra Chess League "]
[Site "Pune"]
[Date "2013.04.24"]
[Round "1.6"]
[White "Kiran, Manisha Mohanty"]
[Black "Kathmale, Sameer"]
[Result "0-1"]
[WhiteElo "2195"]
[BlackElo "2275"]
[PlyCount "97"]
[EventDate "2013.04.24"]
[EventType "team-tourn (rapid)"]
[EventRounds "5"]
[EventCountry "IND"]
[WhiteTeam "Mumbai Movers"]
[BlackTeam "Jalgaon Battlers"]

1. e4 c6 2. d4 d5 3. e5 c5 4. dxc5 Nc6 5. Bb5 e6 6. Be3 Bd7 7. Bxc6 Bxc6 8. Nf3
Ne7 9. c3 Nf5 10. Bd4 Nxd4 11. cxd4 b6 12. cxb6 Qxb6 13. O-O Qxb2 14. Nbd2 Be7
15. Rc1 Rc8 16. Rc2 Qb6 17. Nb3 O-O 18. Qc1 Rc7 19. Qe3 Rfc8 20. Nc5 h6 21. h3
Bb5 22. Rb1 Bxc5 23. dxc5 Rxc5 24. Rcb2 Qa6 25. Nd4 Bd3 26. Rd1 Be4 27. Qf4 Ra5
28. Qg4 Ra4 29. Kh2 Kh7 30. Qf4 Bg6 31. Qd2 Qa5 32. Qxa5 Rxa5 33. Rdd2 Rc4 34.
Rb7 a6 35. f3 Raa4 36. Nb3 d4 37. Rd7 d3 38. Kg3 Rc2 39. Kf2 Raxa2 40. Ke3 a5
41. Rxc2 dxc2 42. Nc1 Ra1 43. Kd2 h5 44. Ra7 a4 45. h4 a3 46. g3 Kh6 47. Ra8
Bf5 48. Ra4 g5 49. Ra7 0-1

[Event "Johnson Tiles Maharashtra Chess League "]
[Site "Pune"]
[Date "2013.04.24"]
[Round "1.2"]
[White "Gopal, G.N."]
[Black "Bakre, Tejas"]
[Result "0-1"]
[WhiteElo "2526"]
[BlackElo "2500"]
[PlyCount "107"]
[EventDate "2013.04.24"]
[EventType "team-tourn (rapid)"]
[EventRounds "5"]
[EventCountry "IND"]
[WhiteTeam "Ahmednagar Checkers"]
[BlackTeam "Nagpur Royals"]

1. d4 Nf6 2. c4 e6 3. Nc3 Bb4 4. f3 d5 5. a3 Be7 6. e4 dxe4 7. fxe4 e5 8. d5
Bc5 9. Bg5 a5 10. Nf3 Bg4 11. h3 Bxf3 12. Qxf3 Nbd7 13. O-O-O c6 14. g4 h6 15.
Bd2 a4 16. h4 h5 17. g5 Ng4 18. Bh3 Qe7 19. Bxg4 hxg4 20. Qxg4 Bxa3 21. bxa3
Qxa3+ 22. Kc2 Qb3+ 23. Kd3 Nc5+ 24. Ke3 Qxc4 25. Qe2 cxd5 26. Qxc4 dxc4 27. Nb5
O-O-O 28. Ba5 Rxd1 29. Rxd1 Ne6 30. Be1 Nf4 31. Kf3 Nd3 32. Bg3 Kd7 33. Na3 Rc8
34. Bxe5 g6 35. Bc3 Ke6 36. Rb1 Rc7 37. Rb6+ Ke7 38. Bf6+ Kd7 39. Ke3 Kc8 40.
Kd4 Nf4 41. Rd6 Ne6+ 42. Kc3 Rc5 43. Kb4 Rc6 44. Rxc6+ bxc6 45. Nxc4 Kd7 46.
Ne5+ Ke8 47. Nxc6 Nf4 48. Nd4 Nd3+ 49. Ka3 Nc5 50. e5 Kd7 51. Kb4 Ne4 52. Kxa4
Nc5+ 53. Kb4 Nd3+ 54. Kc3 0-1

[Event "Johnson Tiles Maharashtra Chess League "]
[Site "Pune"]
[Date "2013.04.24"]
[Round "1.3"]
[White "Soumya, Swaminathan"]
[Black "Tania, Sachdev"]
[Result "1-0"]
[WhiteElo "2300"]
[BlackElo "2409"]
[PlyCount "43"]
[EventDate "2013.04.24"]
[EventType "team-tourn (rapid)"]
[EventRounds "5"]
[EventCountry "IND"]
[WhiteTeam "Nagpur Royals"]
[BlackTeam "Ahmednagar Checkers"]

1. e4 c5 2. Nf3 b6 3. d4 cxd4 4. Nxd4 Bb7 5. Bd3 a6 6. O-O d6 7. Nc3 Nf6 8. f4
g6 9. Be3 Nbd7 10. Qf3 Bg7 11. Nd5 Nc5 12. Nxf6+ Bxf6 13. b4 Nxd3 14. cxd3 O-O
15. Rac1 Qd7 16. Qf2 Rac8 17. Rxc8 Qxc8 18. Rc1 Qd7 19. Nf3 Qb5 20. Rc7 Ba8 21.
e5 dxe5 22. fxe5 1-0

[Event "Johnson Tiles Maharashtra Chess League "]
[Site "Pune"]
[Date "2013.04.24"]
[Round "1.4"]
[White "Venkatesh, M.R."]
[Black "Shweta, Gole"]
[Result "1-0"]
[WhiteElo "2492"]
[BlackElo "1934"]
[PlyCount "67"]
[EventDate "2013.04.24"]
[EventType "team-tourn (rapid)"]
[EventRounds "5"]
[EventCountry "IND"]
[WhiteTeam "Ahmednagar Checkers"]
[BlackTeam "Nagpur Royals"]

1. Nf3 c5 2. g3 Nc6 3. Bg2 g6 4. d3 Bg7 5. e4 d6 6. O-O e5 7. c3 Nge7 8. a3 a5
9. a4 O-O 10. Na3 h6 11. Nb5 Be6 12. Re1 Qd7 13. d4 cxd4 14. cxd4 exd4 15.
Nfxd4 Rad8 16. Ra3 Ne5 17. Nxe6 Qxe6 18. Rc3 N5c6 19. Rb3 Kh7 20. Bd2 b6 21.
Be3 Nc8 22. Nc7 Qd7 23. Nd5 Ne5 24. Rb5 Nc4 25. Bd4 Ne5 26. f4 Nc6 27. Nf6+
Bxf6 28. Bxf6 Rde8 29. f5 g5 30. Bxg5 f6 31. Bf4 Nb4 32. Bf3 Qc7 33. Bh5 Rf7
34. Bxh6 1-0

[Event "Johnson Tiles Maharashtra Chess League "]
[Site "Pune"]
[Date "2013.04.24"]
[Round "1.6"]
[White "Gagare, Shardul"]
[Black "Swapnil, S. Dhopade"]
[Result "1/2-1/2"]
[WhiteElo "2360"]
[BlackElo "2376"]
[PlyCount "127"]
[EventDate "2013.04.24"]
[EventType "team-tourn (rapid)"]
[EventRounds "5"]
[EventCountry "IND"]
[WhiteTeam "Ahmednagar Checkers"]
[BlackTeam "Nagpur Royals"]

1. c4 e5 2. g3 c6 3. d4 Bb4+ 4. Bd2 Bxd2+ 5. Qxd2 d6 6. Bg2 Nf6 7. Nc3 O-O 8.
e3 Qe7 9. Nge2 Nbd7 10. h3 h5 11. O-O Re8 12. Rae1 e4 13. f3 exf3 14. Rxf3 Nh7
15. Nf4 h4 16. g4 Ng5 17. Rff1 Nf8 18. e4 Nge6 19. e5 Nxf4 20. Qxf4 dxe5 21.
Rxe5 Be6 22. Qf2 Ng6 23. Re2 Qf8 24. d5 Bd7 25. Be4 Ne5 26. Qxh4 g6 27. Bg2
Qc5+ 28. Kh1 Qxc4 29. Ne4 Kg7 30. Qf6+ Kg8 31. Ref2 cxd5 32. Nd6 Qc6 33. Nxf7
Qxf6 34. Rxf6 Nxf7 35. Bxd5 Bc6 36. Rxc6 bxc6 37. Bxf7+ Kg7 38. Bxe8 Rxe8 39.
Kg2 Re3 40. Rf3 Re2+ 41. Rf2 Re3 42. Rc2 a5 43. h4 a4 44. Rd2 Kf7 45. a3 Rb3
46. Rc2 Kg7 47. Rxc6 Rxb2+ 48. Kf3 Rb3+ 49. Kf4 Rxa3 50. Kg5 Rb3 51. Rxg6+ Kh7
52. h5 Rb5+ 53. Kh4 Ra5 54. Rc6 a3 55. Rc1 a2 56. Ra1 Kh6 57. Kg3 Kg5 58. Kf3
Ra3+ 59. Ke4 Ra4+ 60. Ke5 Ra5+ 61. Ke6 Kxg4 62. h6 Ra6+ 63. Kd5 Rxh6 64. Rxa2
1/2-1/2

[Event "Johnson Tiles Maharashtra Chess League "]
[Site "Pune"]
[Date "2013.04.25"]
[Round "2"]
[White "Kore, Akshayraj"]
[Black "Gagare, Shardul"]
[Result "1/2-1/2"]
[WhiteElo "2512"]
[BlackElo "2360"]
[PlyCount "65"]
[EventDate "2013.04.24"]
[EventType "team-tourn (rapid)"]
[EventRounds "5"]
[EventCountry "IND"]

1. d4 d5 2. c4 dxc4 3. Nf3 Nf6 4. e3 e6 5. Bxc4 a6 6. O-O c5 7. dxc5 Bxc5 8.
Qxd8+ Kxd8 9. Nbd2 Ke7 10. Be2 Nc6 11. b3 b5 12. Bb2 Bb7 13. Rfc1 Bd6 14. a4
bxa4 15. Nc4 a3 16. Nxa3 Na5 17. Nd4 Rhc8 18. Bc3 Nd5 19. Bxa5 Rxc1+ 20. Rxc1
Bxa3 21. Rc2 Rc8 22. Rxc8 Bxc8 23. e4 Nf6 24. e5 Nd7 25. Nc6+ Ke8 26. f4 Bb7
27. Nd8 Bc5+ 28. Kf1 Bd5 29. Bxa6 Bb6 30. Bxb6 Nxb6 31. Nb7 Bxb3 32. Kf2 Ke7
33. Bb5 1/2-1/2

[Event "Johnson Tiles Maharashtra Chess League "]
[Site "Pune"]
[Date "2013.04.25"]
[Round "2"]
[White "Venkatesh, MR."]
[Black "Bartakke, Amardeep S"]
[Result "1-0"]
[WhiteElo "2492"]
[BlackElo "2194"]
[PlyCount "61"]
[EventDate "2013.04.24"]
[EventType "team-tourn (rapid)"]
[EventRounds "5"]
[EventCountry "IND"]

1. Nf3 Nf6 2. g3 e6 3. Bg2 b6 4. d3 d5 5. O-O Be7 6. Nbd2 Bb7 7. e4 dxe4 8.
dxe4 O-O 9. Qe2 Nc6 10. Rd1 Qc8 11. e5 Nd7 12. Nb3 Rd8 13. Bf4 Nc5 14. Nxc5
Bxc5 15. c3 Rxd1+ 16. Rxd1 Qe8 17. Ng5 h6 18. Ne4 Bf8 19. Qg4 Kh8 20. Qh4 Rd8
21. Re1 Be7 22. Nf6 Qf8 23. Qh5 Ba8 24. Ng4 Na5 25. Bxa8 Rxa8 26. Nxh6 gxh6 27.
Bxh6 Qe8 28. Bg5+ Kg8 29. Bf6 Bxf6 30. exf6 Qf8 31. Re4 1-0

[Event "Johnson Tiles Maharashtra Chess League "]
[Site "Pune"]
[Date "2013.04.25"]
[Round "2"]
[White "Lalith Babu, MR."]
[Black "Gopal, GN."]
[Result "0-1"]
[WhiteElo "2565"]
[BlackElo "2526"]
[PlyCount "54"]
[EventDate "2013.04.24"]
[EventType "team-tourn (rapid)"]
[EventRounds "5"]
[EventCountry "IND"]

1. d4 Nf6 2. c4 g6 3. Nc3 d5 4. Nf3 Bg7 5. Qb3 dxc4 6. Qxc4 O-O 7. e4 a6 8. e5
b5 9. Qb3 Nfd7 10. e6 fxe6 11. Be2 c5 12. Qxe6+ Kh8 13. Qe4 cxd4 14. Nxd4 Nc5
15. Qxa8 Bxd4 16. Qd5 Bxc3+ 17. bxc3 Qxd5 18. O-O Bb7 19. f3 Nbd7 20. Be3 e5
21. Rfd1 Qe6 22. Rd2 e4 23. f4 Nd3 24. Rf1 Nb6 25. Bxd3 exd3 26. Re1 Kg8 27.
Bf2 Qc6 0-1

[Event "Johnson Tiles Maharashtra Chess League "]
[Site "Pune"]
[Date "2013.04.25"]
[Round "2"]
[White "Shah, Sagar"]
[Black "Sharma, Himanshu"]
[Result "0-1"]
[WhiteElo "2376"]
[BlackElo "2398"]
[PlyCount "80"]
[EventDate "2013.04.24"]
[EventType "team-tourn (rapid)"]
[EventRounds "5"]
[EventCountry "IND"]

1. c4 e5 2. g3 Nf6 3. Bg2 d5 4. cxd5 Nxd5 5. Nf3 Nc6 6. O-O Be7 7. a3 O-O 8. d3
Re8 9. Nc3 Nb6 10. b4 Bf8 11. Rb1 a5 12. b5 Nd4 13. Nd2 a4 14. e3 Ne6 15. Nc4
Nc5 16. Nxb6 cxb6 17. d4 exd4 18. exd4 Nb3 19. Nxa4 Nxc1 20. Rxc1 Ra5 21. Nc3
Bxa3 22. Rb1 Bf5 23. Rb3 Qd7 24. Qd2 Bf8 25. Nd5 Qd6 26. Qf4 Qxf4 27. Nxf4 Rd8
28. Bxb7 Rxd4 29. Re1 g5 30. Nh5 Bg6 31. Nf6+ Kg7 32. Ne8+ Kh6 33. Nf6 Bc5 34.
g4 Rf4 35. Rh3+ Kg7 36. Ne8+ Kf8 37. Bf3 Ra2 38. Re5 Bxf2+ 39. Kh1 Ra1+ 40. Kg2
Bd4 0-1

[Event "Johnson Tiles Maharashtra Chess League "]
[Site "Pune"]
[Date "2013.04.25"]
[Round "2"]
[White "Rout, Padmini"]
[Black "Pujari, Rucha"]
[Result "1-0"]
[WhiteElo "2347"]
[BlackElo "2132"]
[PlyCount "127"]
[EventDate "2013.04.24"]
[EventType "team-tourn (rapid)"]
[EventRounds "5"]
[EventCountry "IND"]

1. e4 c5 2. Nf3 e6 3. d4 cxd4 4. Nxd4 a6 5. Bd3 Bc5 6. Nb3 Ba7 7. Qe2 d6 8. Be3
Nc6 9. N1d2 e5 10. O-O Nf6 11. a4 Be6 12. Bxa7 Rxa7 13. Bc4 O-O 14. Rfd1 b6 15.
c3 Qc8 16. Bxe6 Qxe6 17. Qc4 d5 18. exd5 Nxd5 19. Nf3 Nf4 20. Qxe6 Nxe6 21. Rd6
Rc7 22. Re1 Rd8 23. Rxd8+ Nexd8 24. Nxe5 Re7 25. Nd3 Rxe1+ 26. Nxe1 Ne5 27. Nd2
Ne6 28. Kf1 Kf8 29. Ke2 Ke7 30. g3 g5 31. b4 f5 32. Nd3 Ng4 33. Nc4 b5 34. axb5
axb5 35. Na3 Nc7 36. h3 Nf6 37. Nc5 Nfd5 38. Kd3 h5 39. Nc2 Ne8 40. Kd4 Kd6 41.
Nb7+ Kc6 42. Nd8+ Kd6 43. Nf7+ Kc6 44. Ne3 Nxe3 45. fxe3 g4 46. h4 Kd7 47. Ke5
Ke7 48. Nh6 Nc7 49. Nxf5+ Kf7 50. e4 Kg6 51. Nd4 Kf7 52. Kf5 Ke7 53. Kg5 Ne8
54. e5 Ng7 55. Nf5+ Nxf5 56. Kxf5 Kf7 57. Kg5 Ke6 58. Kxh5 Kf5 59. e6 Kxe6 60.
Kxg4 Kd5 61. h5 Kc4 62. h6 Kxc3 63. h7 Kxb4 64. h8=Q 1-0

[Event "Johnson Tiles Maharashtra Chess League "]
[Site "Pune"]
[Date "2013.04.25"]
[Round "2"]
[White "Tania, Sachdev"]
[Black "Ghate, Swathi"]
[Result "0-1"]
[WhiteElo "2409"]
[BlackElo "2260"]
[PlyCount "87"]
[EventDate "2013.04.24"]
[EventType "team-tourn (rapid)"]
[EventRounds "5"]
[EventCountry "IND"]

1. d4 Nf6 2. c4 e6 3. Nf3 d5 4. Nc3 Bb4 5. Bg5 Nbd7 6. cxd5 exd5 7. Qc2 c5 8.
dxc5 Qa5 9. Bd2 Qxc5 10. a3 Bxc3 11. Qxc3 O-O 12. e3 Ne4 13. Qxc5 Ndxc5 14. Nd4
Ne6 15. Be2 Re8 16. Nf3 Bd7 17. O-O Nxd2 18. Nxd2 d4 19. exd4 Nxd4 20. Bd3 Ne2+
21. Kh1 Bc6 22. Nf3 Nf4 23. Bc4 b5 24. Ba2 Re2 25. Rae1 Rxb2 26. Bxf7+ Kf8 27.
Re3 Rd8 28. Bb3 Rd3 29. Bd1 Rxf2 30. Rxf2 Rxe3 31. Rf1 Ke7 32. Kg1 Ne6 33. Nh4
Rxa3 34. Nf5+ Kd8 35. Re1 Ra1 36. Rxe6 Rxd1+ 37. Kf2 Bd7 38. Re5 Bxf5 39. Rxf5
a6 40. Rf8+ Kc7 41. Ra8 Kb6 42. Re8 Rd7 43. Ke3 b4 44. g4 0-1